Ultimate KPOP Fandom Names - Statistics

General Stats
  • This quiz has been taken 2,896 times
    2,550 since last reset
  • The average score is 26 of 82
Answer Stats
Fanclub Name Idol Group/Solo % Correct
A.R.M.Y BTS
95%
EXO-L EXO
95%
I Got7 Got7
92%
SHINee World SHINee
91%
VIP Big Bang
83%
SONE Girls Generation
77%
Blackjacks 2NE1
75%
Pink Panda A Pink
75%
Jumping BoA BoA
73%
E.L.F. Super Junior
73%
Club H.O.T H.O.T
68%
Wonderfuls Wonder Girls
63%
Shinhwa Changjo Shinhwa
62%
Say A miss A
61%
Ace of Elvis AOA
59%
ZE:A'S ZE:A
59%
4NIA 4Minute
56%
PSYcho PSY
53%
Cassiopeia TVXQ
52%
Inspirit Infinite
51%
Hottest 2PM
47%
MeU f(x)
46%
Cloud Rain
46%
Starlight VIXX
44%
B2UTY Beast
43%
Play Girlz/Boyz After School
42%
BBC Block B
42%
Baby B.A.P
40%
Lucky 7 SE7EN
40%
QUEEN'S T-ARA
40%
INNERCIRCLE Winner
40%
Bestfriend Boyfriend
39%
Kamilia KARA
39%
I Am 2AM
38%
Kiss Me U-Kiss
38%
Star1 Sistar
37%
L.E.G.O EXID
36%
Secret Time Secret
35%
Fan god g.o.d
34%
BANA B1A4
30%
Boice CN Blue
30%
Uaena IU
30%
Hello Cupid Hello Venus
29%
DAI5Y Girls Day
27%
Jaywalkerz Jay Park
27%
Alien Ailee
26%
Primadonna FT Island
24%
High Skool Epik High
23%
A+ MBLAQ
23%
Angel Teen Top
23%
Triple S SS501
22%
TRAXIAN The Trax
17%
Friend S.E.S
16%
G.Ni G.Na
15%
Rain-nous Rainbow
15%
Perfection 100%
11%
Mine Nine Muses
9%
Baby Angels Baby V.O.X
7%
DSF Sechskies
7%
Royal Family Boys Republic
6%
Pinky Fin.K.L
6%
Fly High Fly To The Sky
5%
Mercury SPICA
4%
Milky Way M.I.L.K
3%
Hip Hop Village 1TYM
2%
Strings Henry
2%
Mini-Me Tiny-G
2%
Soul Black Black Beat
1%
Goddess Chakra
1%
NIZI Click B
1%
Shapley CSJH The Grace
1%
Banila Juniel
1%
Papitus Kim Jong Kook
1%
Airen Lee Seunggi
1%
Busterz M.I.B
1%
Miso MR.MR
1%
One Love One Way
1%
2Wings Tasty
1%
Soulmate V.O.S
1%
Mitangs Zhou Mi
1%
Chocolate Jang Ri In
0%
DBLV Son Dambi
0%
No matching quizzes found
Score Distribution
Percent of People with Each Score
Percentile by Number Answered
Your Score History
You have not taken this quiz since the last reset